Analýza vývoja ľubovolného makroekonomického ukazovateľa bakalárska práca

Salvato in:
Dettagli Bibliografici
Autore principale: Štefunková, Klaudia
Ente Autore: Fakulta hospodárskej informatiky EU. Katedra štatistiky
Altri autori: Pastoreková, Silvia, 1985-
Natura: Libro
Lingua:slovacco
Pubblicazione: Bratislava 2011
Tags: Aggiungi Tag
Nessun Tag, puoi essere il primo ad aggiungerne!!

MARC

LEADER 00000nbm a2200000 4500
001 0141007
005 20161109111727.9
041 0 |a slo 
044 |a SK 
245 1 0 |a Analýza vývoja ľubovolného makroekonomického ukazovateľa  |b bakalárska práca  |c Klaudia Štefunková ; školiteľ: Silvia Pastoreková 
264 1 |a Bratislava  |c 2011 
300 |a 53 s. 
100 1 |a Štefunková, Klaudia 
700 1 |a Pastoreková, Silvia, 1985- 
710 2 |a Fakulta hospodárskej informatiky EU. Katedra štatistiky